000 00585nam a2200229Ia 4500
003 OSt
005 20220918194816.0
006 a|||||r|||| 00| 0
007 ta
008 220917b |||||||| |||| 00| 0 eng d
024 _a81,721
037 _cTextual
040 _aARTS
_cARTS
_beng
041 _2eng
_aeng
082 _aS:6822, K0
100 _aDahlquist A B
_987214
245 0 _aConversation today
_b its art its science its techniques
260 _c1960
650 _aPSYCHOLOGY
942 _hS:6822, K0
_cTEXL
_2CC
999 _c205443
_d205443